| 000 | 00523cam a2200205 4500 | ||
|---|---|---|---|
| 001 | B3432 | ||
| 008 | 090401t1990 xxu||||| |||| 00| 0 eng d | ||
| 035 | _a(Sirsi) u56005 | ||
| 041 | _aeng | ||
| 050 | _a658.1552 | ||
| 100 | _aPalmer, Angela | ||
| 245 | 2 | _aA critique of value management | |
| 260 |
_aAscot,Berks _bChartered Institute of Building _c1990 |
||
| 300 | _a8p. ; 30cm. | ||
| 350 | _a0 | ||
| 490 |
_aTechnical Information Service _v124 |
||
| 650 | _aVALUE ENGINEERING | ||
| 942 | _n0 | ||
| 948 | _c04/03/1997 | ||
| 999 |
_c93703 _d93703 |
||